[Event "Davi e Golias ?"]
[Site "http://www.queenalice.com/game.php?id=1159264"]
[Date "2013.3.9"]
[Round "-"]
[White "XtremeLM"]
[Black "crishansen"]
[Result "1-0"]
[WhiteElo "1943"]
[BlackElo "1380"]

1. d4 d5 2. c4 dxc4 3. e4 Be6 4. Nf3 Qd7 5. d5 Bg4 6. Nc3 Bxf3 7. Qxf3 c6 8.
Bxc4 b5 9. dxc6 Nxc6 10. Qxf7+ Kd8 11. Qxf8+ Qe8 12. Qxe8+ Kxe8 13. Bxb5 Rc8 14.
Bf4 Kf8 15. O-O-O Nb4 16. Ba6 Nxa6 17. Rd7 Nf6 18. Rxa7 Nb4 19. Rd1 Nxe4 20. Be3
Nxc3 21. bxc3 Nc6 22. Ra6 Kf7 23. Rd5 Rhd8 24. Rxc6 Ke8 25. Rxd8+ Rxd8 26. a4 e5
27. a5 Ra8 28. a6 Kd7 29. Rc5 Kd6 30. a7 Rxa7 31. Rc6+ Kxc6 32. Bxa7 Kd5 33. Kd2
Kc4 34. h4 h5 35. g3 Kd5 36. f4 exf4 37. gxf4 Ke4 38. c4 Kxf4 39. c5 Ke5 40. Ke3
Kd5 41. Kf4 g6 42. Kg5 1-0

[Event "Challenge"]
[Site "http://www.queenalice.com/game.php?id=1162780"]
[Date "2013.3.20"]
[Round "-"]
[White "Limongi"]
[Black "XtremeLM"]
[Result "0-1"]
[WhiteElo "1748"]
[BlackElo "1947"]

1. d4 Nf6 2. Nc3 d5 3. Bg5 Nbd7 4. e3 h6 5. Bxf6 Nxf6 6. Nf3 Bg4 7. h3 Bxf3 8.
Qxf3 e6 9. O-O-O Bb4 10. Qg3 Bxc3 11. bxc3 Nh5 12. Qe5 Nf6 13. g4 Ne4 14. Qxg7
Rf8 15. Rh2 Qd6 16. Rd3 Qxh2 17. Qxh6 Qxf2 18. Qf4 Qe1+ 19. Rd1 Qxc3 20. Bg2
Qa1# 0-1

[Event "Challenge"]
[Site "http://www.queenalice.com/game.php?id=1162781"]
[Date "2013.3.20"]
[Round "-"]
[White "XtremeLM"]
[Black "Limongi"]
[Result "1-0"]
[WhiteElo "1955"]
[BlackElo "1751"]

1. Nf3 d5 2. d4 c5 3. c4 Nc6 4. cxd5 Qxd5 5. Nc3 Qd8 6. d5 Nb4 7. e4 Nf6 8. Bb5+
Bd7 9. e5 Nfxd5 10. Nxd5 Bxb5 11. Nxb4 Qxd1+ 12. Kxd1 cxb4 13. Bd2 e6 14. Rc1
Rd8 15. Rc7 Ba6 16. Kc1 f6 17. Re1 b5 18. exf6 Rd7 19. f7+ Kd8 20. Rc6 Bb7 21.
Bg5+ Be7 22. Rcxe6 Bxg5+ 23. Nxg5 Rc7+ 24. Kb1 Kd7 25. Rd1+ 1-0

[Event "Challenge"]
[Site "http://www.queenalice.com/game.php?id=1196296"]
[Date "2013.7.2"]
[Round "-"]
[White "TomasBlack"]
[Black "XtremeLM"]
[Result "0-1"]
[WhiteElo "1667"]
[BlackElo "1963"]

1. e4 Nc6 2. c3 e5 3. d4 f5 4. Qd3 fxe4 5. Qxe4 Nf6 6. Qe3 d5 7. f4 e4 8. h3 Be7
9. a3 O-O 10. b4 a6 11. Nd2 Bf5 12. Nb3 b6 13. Bb2 a5 14. b5 a4 15. bxc6 axb3
16. Bb5 Ra5 17. c4 Be6 18. Qe2 Bf7 19. g4 Qd6 20. g5 Bh5 21. gxf6 Bxe2 22. fxe7
Qxe7 23. Nxe2 Qh4+ 24. Kd2 Qh5 25. Ng3 Qf3 26. Ne2 e3+ 27. Kd3 Qe4+ 28. Kc3 Qc2+
29. Kb4 Rxb5+ 30. cxb5 Qc4# 0-1

[Event "Challenge"]
[Site "http://www.queenalice.com/game.php?id=1204488"]
[Date "2013.8.2"]
[Round "-"]
[White "penetrator"]
[Black "XtremeLM"]
[Result "0-1"]
[WhiteElo "1165"]
[BlackElo "1967"]

1. b3 e5 2. g3 d5 3. h4 Nf6 4. Nf3 Nc6 5. a3 Bc5 6. Nc3 Ng4 7. Rh2 Nxh2 8. Nxh2
Qf6 9. e3 Be6 10. b4 Bb6 11. b5 Na5 12. Nf3 Bg4 13. Bg2 e4 14. Nxd5 Qxa1 15. Nc3
exf3 16. Bxf3 Bxf3 17. Qxf3 Qxc1+ 18. Ke2 Nc4 19. Qe4+ Kd8 20. Qd5+ Nd6 21. Qg5+
f6 22. Qxg7 Re8 23. Qxf6+ Re7 24. Qf8+ Re8 25. Qf6+ Kd7 26. Nd5 Ne4 27. Qf5+ Kd6
28. d3 Qd2+ 29. Kf3 Qxf2+ 30. Kg4 h5+ 31. Kxh5 Qxf5+ 32. Kh6 Rh8+ 33. Kg7 Rag8#
0-1

[Event "Marcos 5:36"]
[Site "http://www.queenalice.com/game.php?id=1205791"]
[Date "2013.8.7"]
[Round "-"]
[White "XtremeLM"]
[Black "TomasBlack"]
[Result "1-0"]
[WhiteElo "1969"]
[BlackElo "1665"]

1. Nf3 d5 2. d4 f6 3. Nc3 Nc6 4. e4 e6 5. exd5 exd5 6. Bd3 Qe7+ 7. Be3 Be6 8.
O-O O-O-O 9. Re1 Qf7 10. Nb5 Bd6 11. Nxd6+ Rxd6 12. a3 h6 13. Bf4 Rd7 14. c4
dxc4 15. Bg6 Qe7 16. Re3 f5 17. Ne5 Nxe5 18. Bxe5 Nf6 19. d5 Rxd5 20. Qe1 Ng4
21. Re2 Nxe5 22. Rxe5 Qf6 23. Rxe6 Qxb2 24. Rd1 Rhd8 25. Re8 Rxd1 26. Qxd1 Qf6
27. Rxd8+ Qxd8 28. Bxf5+ Qd7 29. Qxd7+ Kb8 30. Qd8# 1-0

[Event "AUTO-MASTER-2067"]
[Site "http://www.queenalice.com/game.php?id=1272046"]
[Date "2014.4.10"]
[Round "1"]
[White "XtremeLM"]
[Black "AlexiFischer"]
[Result "1-0"]
[WhiteElo "1979"]
[BlackElo "2005"]

1. Nf3 Nf6 2. d4 e6 3. Nc3 d5 4. Bg5 Be7 5. Bxf6 Bxf6 6. e4 dxe4 7. Nxe4 Nc6 8.
c3 O-O 9. Bc4 b6 10. d5 exd5 11. Qxd5 Qe7 12. Qxc6 Re8 13. O-O Qxe4 14. Bd5 Qg6
15. Qxe8# 1-0

[Event "AUTO-MASTER-2067"]
[Site "http://www.queenalice.com/game.php?id=1272047"]
[Date "2014.4.10"]
[Round "1"]
[White "AlexiFischer"]
[Black "XtremeLM"]
[Result "0-1"]
[WhiteElo "1947"]
[BlackElo "2026"]

1. d4 Nf6 2. Nc3 d5 3. Bg5 Nc6 4. f3 h6 5. Bxf6 exf6 6. Qd2 Be6 7. O-O-O Qd7 8.
e4 O-O-O 9. Bb5 a6 10. Bxc6 Qxc6 11. Nge2 dxe4 12. fxe4 Bb4 13. d5 Qb6 14. Qf4
Bd7 15. Rd3 Rhe8 16. a3 Bd6 17. Qf3 Re5 18. Nd4 Rg5 19. Nce2 h5 20. Rb3 Qc5 21.
g3 Re8 22. Rd1 Rge5 23. Nc3 Bg4 24. Qd3 Bxd1 25. Kxd1 g6 26. Nc6 Qg1+ 27. Kd2
Qxh2+ 28. Kc1 Qg1+ 29. Qd1 Qxd1+ 30. Kxd1 bxc6 31. Kc1 cxd5 32. exd5 Re1+ 33.
Kd2 Bxg3 34. Rb4 h4 35. Kd3 h3 36. Ne4 Rd1+ 37. Nd2 h2 38. Kc3 h1=Q 39. Rc4 Qxd5
40. Nb3 Be1+ 0-1

[Event "AUTO-MASTER-2067"]
[Site "http://www.queenalice.com/game.php?id=1272048"]
[Date "2014.4.10"]
[Round "1"]
[White "XtremeLM"]
[Black "greggy"]
[Result "0-1"]
[WhiteElo "1991"]
[BlackElo "2210"]

1. Nf3 Nf6 2. d4 d5 3. e3 e6 4. c4 c5 5. Nc3 Nc6 6. a3 a6 7. Bd3 dxc4 8. Bxc4 b5
9. Ba2 Bb7 10. O-O Bd6 11. e4 cxd4 12. Ne2 Nxe4 13. Nexd4 Nxd4 0-1

[Event "AUTO-MASTER-2067"]
[Site "http://www.queenalice.com/game.php?id=1272049"]
[Date "2014.4.10"]
[Round "1"]
[White "greggy"]
[Black "XtremeLM"]
[Result "1-0"]
[WhiteElo "2215"]
[BlackElo "1984"]

1. e4 e5 2. Nf3 d6 3. d4 exd4 4. Nxd4 Nf6 5. Nc3 Be7 6. Bc4 O-O 7. O-O Nxe4 8.
Nxe4 d5 9. Bd3 dxe4 10. Bxe4 f5 11. Bf3 Bf6 12. c3 Bxd4 13. Qxd4 1-0

[Event "Americo da SAP"]
[Site "http://www.queenalice.com/game.php?id=1281882"]
[Date "2014.5.15"]
[Round "-"]
[White "amgoncal"]
[Black "XtremeLM"]
[Result "0-1"]
[WhiteElo "1032"]
[BlackElo "1977"]

1. d4 Nf6 2. Nc3 d5 3. h3 Ne4 4. Nxe4 dxe4 5. e3 e6 6. g4 f5 7. f3 Qh4+ 8. Kd2
e5 9. Ne2 exf3 10. Nc3 Qf2+ 11. Kd3 e4+ 12. Kc4 Nc6 13. d5 Na5+ 14. Kb5 Qg3 15.
Kxa5 Qd6 16. b4 Qxb4# 0-1

[Event "Challenge"]
[Site "http://www.queenalice.com/game.php?id=1284328"]
[Date "2014.5.27"]
[Round "-"]
[White "Che"]
[Black "XtremeLM"]
[Result "0-1"]
[WhiteElo "1168"]
[BlackElo "1996"]

1. e4 e5 2. Nf3 Nc6 3. a3 Nf6 4. Nc3 d5 5. d3 d4 6. Nb5 a6 7. Nxe5 Nxe5 8. Bf4
axb5 9. Bxe5 b4 10. Qf3 Bd6 11. Bxd4 Bg4 12. Qe3 c5 13. e5 cxd4 14. Qxd4 Be7 15.
Qc4 Rc8 16. Qb5+ Nd7 17. h3 Be6 18. axb4 Rxc2 19. Rd1 Rxb2 20. d4 Bxb4+ 21. Rd2
Bxd2+ 22. Kd1 Rxb5 23. Bxb5 Bb3+ 24. Kxd2 Qa5+ 25. Ke3 Qxb5 26. h4 f6 27. e6
Bxe6 28. Re1 O-O 29. f3 Qb3+ 30. Kf4 g5+ 31. hxg5 fxg5+ 32. Kg3 Bd5 33. Kg4 Qc3
34. Re7 Qxd4+ 35. Kxg5 Qf6+ 36. Kg4 Qxe7 37. f4 Qg7+ 38. Kh5 Nf6+ 39. Kh4 Qg4#
0-1

[Event "Challenge"]
[Site "http://www.queenalice.com/game.php?id=1287060"]
[Date "2014.6.9"]
[Round "-"]
[White "Zugswang"]
[Black "XtremeLM"]
[Result "0-1"]
[WhiteElo "2116"]
[BlackElo "2000"]

1. e4 c5 2. Nc3 e5 3. g3 Nf6 4. Bg2 Nc6 5. Nge2 d6 6. O-O Be6 7. h3 Qd7 8. Kh2
d5 9. d3 d4 10. Nb1 h5 11. f4 exf4 12. Nxf4 Bd6 13. Nxe6 fxe6 14. Bf4 h4 15. Qf3
Ne5 16. Qe2 Nh5 17. g4 Nxf4 18. Rxf4 Ng6 19. Kh1 Nxf4 20. Qd2 O-O 21. Na3 Nxg2
22. Kxg2 Bg3 23. Qg5 Rf2+ 24. Kg1 Qf7 25. Nc4 Bh2+ 26. Kh1 Qf3# 0-1

[Event "Sl. 55:13"]
[Site "http://www.queenalice.com/game.php?id=1295622"]
[Date "2014.7.18"]
[Round "-"]
[White "XtremeLM"]
[Black "TomasBlack"]
[Result "1-0"]
[WhiteElo "2021"]
[BlackElo "1738"]

1. c4 e5 2. Nf3 Nc6 3. e3 Nf6 4. d4 e4 5. Ne5 Nb4 6. a3 d5 7. axb4 Bg4 8. Nxg4
dxc4 9. Bxc4 Qb8 10. Nxf6+ Kd8 11. Nxe4 1-0

[Event "OS INCLIVEIS"]
[Site "http://www.queenalice.com/game.php?id=1306964"]
[Date "2014.9.8"]
[Round "-"]
[White "adelio"]
[Black "XtremeLM"]
[Result "0-1"]
[WhiteElo "1844"]
[BlackElo "2039"]

1. a3 e5 2. e4 f5 3. f4 fxe4 4. fxe5 d5 5. exd6 Qxd6 6. d4 Nf6 7. Be2 Be7 8. g4
Nxg4 9. Bxg4 Bh4+ 10. Kf1 O-O+ 11. Bf3 Rxf3+ 12. Nxf3 Bh3+ 13. Kg1 exf3 14. Qxf3
Qg6+ 15. Qg3 Bxg3 16. hxg3 Qxg3# 0-1

[Event "OS INCLIVEIS"]
[Site "http://www.queenalice.com/game.php?id=1306965"]
[Date "2014.9.8"]
[Round "-"]
[White "XtremeLM"]
[Black "adelio"]
[Result "1-0"]
[WhiteElo "2047"]
[BlackElo "1877"]

1. Nf3 c5 2. Nc3 Nc6 3. e3 a6 4. d4 d6 5. Bc4 e6 6. O-O Ra7 7. dxc5 b5 8. cxb6
Qxb6 9. e4 Rd7 10. Be3 Qxb2 11. Na4 Qb4 12. Nb6 Rc7 13. Rb1 Qc3 14. Qe2 Qf6 15.
Nxc8 Rxc8 16. Bxa6 Rb8 17. Bb5 Ne7 18. e5 dxe5 19. Bxc6+ Nxc6 20. Qa6 Rd8 21.
Qxc6+ Rd7 22. Rfd1 Qd8 23. Rb8 Be7 24. Rxd8+ Bxd8 25. Qxd7+ Kf8 26. Qxd8# 1-0